000 00768nam a2200253Ia 4500
003 OSt
005 20220925213410.0
006 a|||||r|||| 00| 0
007 ta
008 220923b |||||||| |||| 00| 0 eng d
037 _cGeneral Book
040 _aRTL
_cRTL
_beng
041 _2eng
_aeng
082 _aY9(Z,2,6).6.N6, K6
100 _aGoody Jack Ed.
_9131089
245 0 _aSuccession to high office.
260 _aLondon
_bCambridge University Press
_c1966
300 _aviii, 181p
_ccm.
490 _aCambridge Papers in Social Anthropology. Ed by Meyer Fortes etc; 4
500 _aBibliography: P 177-81
650 _aSociology of Police
942 _hY9(Z,2,6).6.N6, K6
_cGB
_2CC
999 _c562766
_d562766